[Event "34th Chess Olympiad (women)"]
[Site "Istanbul"]
[Date "2000.11.01"]
[Round "5.1.2"]
[White "Ioseliani, Nana"]
[Black "Bojkovic, Natasa"]
[WhiteElo "2476"]
[BlackElo "2429"]
[WhiteCountry "GEO"]
[BlackCountry "YUG"]
[Result "1-0"]

1. d4 Nf6 2. c4 e6 3. Nf3 b6 4. Nc3 Bb4 5. e3 O-O 6. Bd3 Bb7 7. O-O c5 
8. Na4 Qe7 9. a3 Ba5 10. Rb1 Rc8 11. b3 d5 12. Ne5 Nc6 13. Bb2 cxd4 
14. exd4 dxc4 15. Nxc4 b5 16. Nxa5 Nxa5 17. Nc5 Bc6 18. Qe2 Nb7 19. Bxb5 Bxb5 
20. Qxb5 Nxc5 21. dxc5 Rab8 22. Qa6 Ne4 23. Qe2 Nxc5 24. b4 Nd7 25. Rbc1 Nb6 
26. Be5 Rxc1 27. Rxc1 Rc8 28. Rxc8+ Nxc8 29. h3 f6 30. Bd4 Qd7 31. Bc5 Kf7 
32. Qa6 Qc7 33. a4 Nb6 34. a5 Nc8 35. Be3 Ke7 36. Qb5 Kd8 37. Qd3+ Qd7 
38. Qxh7 Kc7 39. Qc2+ Kb7 40. Bc5 Qc6 41. Qg6 Qd7 42. Bf8 Qd1+ 43. Kh2 Qd4 
44. Qxg7+ Kc6 45. Bc5 
1-0

[Event "34th Chess Olympiad (women)"]
[Site "Istanbul"]
[Date "2000.11.01"]
[Round "5.1.3"]
[White "Prudnikova, Svetlana"]
[Black "Khurtsidze, Nino"]
[WhiteElo "2425"]
[BlackElo "2481"]
[WhiteCountry "YUG"]
[BlackCountry "GEO"]
[Result "0-1"]

1. d4 Nf6 2. Nf3 e6 3. g3 b5 4. Bg2 Bb7 5. O-O c5 6. c3 Be7 7. Nbd2 O-O 
8. Re1 d5 9. Ne5 Nbd7 10. Nxd7 Nxd7 11. Nb3 cxd4 12. cxd4 b4 13. Be3 Rc8 
14. Rc1 Qb6 15. Qd2 Qa6 16. Rxc8 Rxc8 17. Nc1 Rc4 18. Bf1 Bf8 19. b3 Rc3 
20. Nd3 Qc6 21. Rc1 a5 22. Nb2 e5 23. Nd3 g6 24. Bg2 e4 25. Nb2 Bg7 
26. Na4 Rxc1+ 27. Qxc1 Qxc1+ 28. Bxc1 Bxd4 29. e3 Bg7 30. Bb2 Bc6 31. Bxg7 Kxg7 
32. Nb2 Bb5 33. Bf1 Bxf1 34. Kxf1 Kf6 35. Ke2 Ke5 36. f4+ Kd6 37. g4 f5 
38. g5 Nb6 39. h4 Kc5 40. Nd1 d4 41. h5 Nd5 42. h6 Nc3+ 43. Nxc3 bxc3 
0-1

[Event "34th Chess Olympiad (women)"]
[Site "Istanbul"]
[Date "2000.11.01"]
[Round "5.2.1"]
[White "Xie, Jun"]
[Black "Uskova, Fliura"]
[WhiteElo "2568"]
[BlackElo "2285"]
[WhiteCountry "CHN"]
[BlackCountry "KAZ"]
[Result "1-0"]

1. e4 c5 2. Nf3 e6 3. d4 cxd4 4. Nxd4 a6 5. Bd3 Ne7 6. O-O Nec6 7. Nb3 Be7 
8. f4 d6 9. Nc3 Nd7 10. Kh1 O-O 11. Bd2 b6 12. Qh5 g6 13. Qh6 Bf6 14. Rae1 Bg7 
15. Qh3 Nb4 16. Nd1 Nxd3 17. cxd3 Nc5 18. Bc3 Nxb3 19. axb3 f5 20. Bxg7 Kxg7 
21. Qe3 Ra7 22. Qd4+ Kg8 23. Ne3 fxe4 24. dxe4 Raf7 25. g3 d5 26. Rd1 Qf6 
27. Qxf6 Rxf6 28. Ng4 dxe4 29. Nxf6+ Rxf6 30. Rd8+ Rf8 31. Rfd1 Bb7 
32. Rxf8+ Kxf8 33. Rd8+ Ke7 34. Rb8 Bd5 35. Rxb6 Kf6 36. Kg1 Kf5 37. Kf2 Kg4 
38. Rxa6 Bxb3 39. Ra3 Bd5 40. b4 Kh3 41. Ra7 h5 42. Rg7 
1-0

[Event "34th Chess Olympiad (women)"]
[Site "Istanbul"]
[Date "2000.11.01"]
[Round "5.2.3"]
[White "Wang, Lei"]
[Black "Sergeeva, Maria"]
[WhiteElo "2498"]
[BlackElo "2277"]
[WhiteCountry "CHN"]
[BlackCountry "KAZ"]
[Result "1/2-1/2"]

1. d4 Nf6 2. c4 g6 3. Nc3 Bg7 4. e4 d6 5. Be2 O-O 6. Bg5 Nbd7 7. Qd2 c6 
8. h4 e5 9. d5 cxd5 10. cxd5 a6 11. h5 b5 12. f3 b4 13. Nd1 a5 14. Nh3 Qb6 
15. g4 Ba6 16. Nhf2 Bxe2 17. Qxe2 Rfc8 18. hxg6 fxg6 19. Ne3 a4 20. Kf1 Ra7 
21. Kg2 Rac7 22. Nd3 b3 23. axb3 Qxb3 24. Rhc1 Nc5 25. Nxc5 Rxc5 26. Rxc5 Rxc5 
27. Ra3 Qb4 28. Nd1 h5 29. Bd2 Qc4 30. Qxc4 Rxc4 31. Ne3 Rd4 32. Bc3 Rd3 
33. Bb4 Rd4 34. Bxd6 hxg4 35. Bxe5 Rd2+ 36. Kf1 gxf3 37. Rxa4 Nxd5 38. Ra8+ Kh7 
39. exd5 Bxe5 40. Ra7+ Kg8 41. Ra8+ Kf7 42. Nc4 Rxd5 43. Nxe5+ 
1/2-1/2

[Event "34th Chess Olympiad (women)"]
[Site "Istanbul"]
[Date "2000.11.01"]
[Round "5.3.1"]
[White "Skripchenko-Lautier, Almira"]
[Black "Peng, Zhaoqin"]
[WhiteElo "2450"]
[BlackElo "2403"]
[WhiteCountry "MDA"]
[BlackCountry "NED"]
[Result "1/2-1/2"]

1. e4 e6 2. d3 d5 3. Nd2 c5 4. Ngf3 Nc6 5. g3 Nge7 6. Bg2 g6 7. O-O Bg7 
8. c3 h6 9. h4 O-O 10. Re1 d4 11. cxd4 cxd4 12. a3 e5 13. Nh2 Be6 14. h5 Qd7 
15. b4 Rac8 16. Nb3 b6 17. Bd2 Kh7 18. Bf3 Ng8 19. hxg6+ fxg6 20. Bg4 Nf6 
21. Bxe6 Qxe6 22. Kg2 Rf7 23. Rh1 Rcf8 24. Be1 h5 25. Nd2 Bh6 26. Qb3 Qd7 
27. Ndf3 Ng4 28. Ra2 Nxh2 29. Nxh2 b5 30. Rc2 Ne7 31. Rc5 Bg7 32. Qd1 Kg8 
33. Qb3 Kh7 34. Qd1 
1/2-1/2

[Event "34th Chess Olympiad (women)"]
[Site "Istanbul"]
[Date "2000.11.01"]
[Round "5.3.3"]
[White "Agababean, Naira"]
[Black "Lanchava, Tea"]
[WhiteElo "2365"]
[BlackElo "2000"]
[WhiteCountry "MDA"]
[BlackCountry "NED"]
[Result "0-1"]

1. d4 d6 2. Nf3 g6 3. g3 Bg7 4. Bg2 Nd7 5. O-O c6 6. a4 Ngf6 7. Nc3 d5 
8. Bf4 Nh5 9. Be3 O-O 10. Qd2 e5 11. dxe5 Nxe5 12. Nxe5 Bxe5 13. Bd4 Qf6 
14. Bxe5 Qxe5 15. f4 Qe7 16. e4 dxe4 17. Nxe4 Nf6 18. Qd6 Qxd6 19. Nxd6 Rd8 
20. Nxc8 Raxc8 21. Bh3 Rc7 22. Rad1 Re8 23. Rfe1 Rce7 24. Rxe7 Rxe7 25. Kf2 h5 
26. Kf3 Re8 27. c4 a5 28. b3 Ne4 29. Bf1 Nc5 30. Rb1 Kg7 31. Be2 f6 32. h4 Kh6 
33. Bf1 Kg7 34. Be2 Kf7 35. Bf1 Ke7 36. Be2 Kd6 37. Rd1+ Kc7 38. Rb1 Kb6 
39. Bf1 Ne4 40. Rd1 Nc5 41. Rb1 f5 42. Rd1 Re6 43. Bd3 Rd6 44. Bc2 Rxd1 
45. Bxd1 Ne4 46. Bc2 Nd6 47. Ke3 Kc5 48. Bb1 Kb4 49. Bc2 Kc3 50. c5 Nc4+ 
51. bxc4 Kxc2 52. Kd4 Kb3 53. Ke5 Kxa4 54. Kf6 Kb4 55. Kxg6 a4 56. Kxf5 a3 
57. Kg5 a2 58. Kxh5 a1Q 59. g4 Kxc5 60. f5 Qf6 61. g5 Qxf5 62. Kh6 Kd6 63. h5 
0-1

[Event "34th Chess Olympiad (women)"]
[Site "Istanbul"]
[Date "2000.11.01"]
[Round "5.4.1"]
[White "Hoang, Thanh"]
[Black "Zhukova, Natalia"]
[WhiteElo "2489"]
[BlackElo "2450"]
[WhiteCountry "VIE"]
[BlackCountry "UKR"]
[Result "1/2-1/2"]

1. d4 d5 2. c4 c6 3. cxd5 cxd5 4. Nf3 Nf6 5. Nc3 Nc6 6. Bf4 a6 7. e3 Bf5 
8. Ne5 Qb6 9. Nxc6 Qxc6 10. Qb3 e6 11. Be2 Be7 12. O-O O-O 13. Rac1 Rac8 
14. h3 Nd7 
1/2-1/2

[Event "34th Chess Olympiad (women)"]
[Site "Istanbul"]
[Date "2000.11.01"]
[Round "5.4.2"]
[White "Zatonskih, Anna"]
[Black "Vo, Hong Phuong"]
[WhiteElo "2446"]
[BlackElo "2261"]
[WhiteCountry "UKR"]
[BlackCountry "VIE"]
[Result "1/2-1/2"]

1. e4 e5 2. Nf3 Nc6 3. Bb5 a6 4. Ba4 Nf6 5. O-O Be7 6. Re1 b5 7. Bb3 d6 
8. c3 O-O 9. h3 Na5 10. Bc2 c5 11. d4 Qc7 12. Nbd2 Bb7 13. d5 c4 14. Nf1 Bc8 
15. N3h2 Nb7 16. f4 exf4 17. Bxf4 Nd7 18. Nf3 Ne5 19. Nxe5 dxe5 20. Bg3 f6 
21. Ne3 Bc5 22. Kh1 Nd6 23. Qf3 Bd7 24. Rf1 Bb6 25. Rae1 a5 26. Ng4 Bc5 
27. Bh4 Ne8 28. Bf2 Nd6 29. Bh4 Ne8 30. Bf2 Nd6 
1/2-1/2

[Event "34th Chess Olympiad (women)"]
[Site "Istanbul"]
[Date "2000.11.01"]
[Round "5.4.3"]
[White "Nguyen, Thi"]
[Black "Sedina, Elena"]
[WhiteElo "2281"]
[BlackElo "2405"]
[WhiteCountry "VIE"]
[BlackCountry "UKR"]
[Result "0-1"]

1. d4 Nf6 2. Nf3 d5 3. c4 c6 4. e3 g6 5. Nc3 Bg7 6. b4 O-O 7. Qb3 a5 8. b5 Ne4 
9. Ba3 Nxc3 10. Qxc3 dxc4 11. Bxc4 cxb5 12. Bxb5 Bd7 13. Rb1 Nc6 14. Be2 Nb4 
15. Bxb4 axb4 16. Rxb4 Rxa2 17. Bc4 Qc8 18. O-O b5 19. Qb3 Ra4 20. Rxa4 bxa4 
21. Qa2 e6 22. h3 Qc7 23. Rb1 Rc8 24. Ba6 Rb8 25. Rxb8+ Qxb8 26. Bc4 h6 
27. Nd2 Qb4 28. Ne4 Bxd4 29. Qc2 Bg7 30. Qd3 Qe7 31. Ba2 Bc6 32. Qc4 Qb7 
33. f3 a3 34. Qc5 Bxe4 35. fxe4 Qb2 36. Qc4 Qd2 37. Kf1 Qxe3 38. Qb3 Qf4+ 
39. Qf3 Qc1+ 40. Kf2 Qb2+ 41. Qe2 Bd4+ 42. Ke1 Qa1+ 43. Qd1 Bf2+ 
0-1

[Event "34th Chess Olympiad (women)"]
[Site "Istanbul"]
[Date "2000.11.01"]
[Round "5.5.2"]
[White "Kovalevskaya, Ekaterina"]
[Black "Ionescu-Brandis, Irina"]
[WhiteElo "2475"]
[BlackElo "2304"]
[WhiteCountry "RUS"]
[BlackCountry "ROM"]
[Result "1-0"]

1. e4 g6 2. d4 Bg7 3. Nf3 c6 4. h3 d6 5. a4 Nf6 6. Nc3 O-O 7. Be2 Nbd7 
8. O-O Qc7 9. a5 e5 10. Re1 exd4 11. Nxd4 Re8 12. Bc4 Nc5 13. Qf3 Ne6 
14. Be3 Bd7 15. b4 Re7 16. Rad1 b6 17. axb6 axb6 18. Bb3 Rae8 19. Nde2 Bc8 
20. Qg3 Rd8 21. f4 Nf8 22. Qf2 N8d7 23. f5 b5 24. fxg6 hxg6 25. Nf4 Kf8 
26. Rf1 Rde8 27. Bd4 Ne5 28. Qh4 Qd8 29. Bc5 Rd7 30. Rxd6 Rxd6 31. Rd1 Nd5 
32. Qxd8 Rxd8 33. exd5 Ke8 34. Bxd6 Rxd6 35. Re1 Kd8 36. Ne4 Rd7 37. Nc5 Rd6 
38. Kh1 Kc7 39. Ra1 Kb8 40. Ra5 Kc7 41. Ra7+ Kb8 42. Re7 Bf6 43. Re8 Rd8 
44. Rxd8 Bxd8 45. d6 Bb6 46. Nfd3 Nxd3 47. Nxd3 f6 48. Nc5 Bf5 49. g4 Bxc5 
50. gxf5 Bxd6 51. fxg6 Bf8 52. Kg2 Kc7 53. Kf3 Kd6 54. Ke4 Bh6 55. Kf5 Ke7 
56. Be6 Bg7 57. h4 Kd6 58. h5 Ke7 59. Bc8 Kd6 60. Ba6 Kd5 61. Bb7 Kd6 
62. Ba8 Kd5 63. h6 Bxh6 64. Kxf6 Kd6 65. Kf7 c5 66. bxc5+ Kxc5 67. Ke6 
1-0

[Event "34th Chess Olympiad (women)"]
[Site "Istanbul"]
[Date "2000.11.01"]
[Round "5.6.1"]
[White "Eidelson, Rakhil"]
[Black "Socko, Monika"]
[WhiteElo "2360"]
[BlackElo "2403"]
[WhiteCountry "BLR"]
[BlackCountry "POL"]
[Result "0-1"]

1. d4 g6 2. Nf3 Bg7 3. g3 Nf6 4. Bg2 d6 5. O-O O-O 6. Nc3 Nbd7 7. e4 e5 
8. h3 Re8 9. Re1 c6 10. a4 b6 11. d5 cxd5 12. Nxd5 Bb7 13. Nc3 Nc5 14. Nh2 Qd7 
15. Bg5 Ne6 16. Bxf6 Bxf6 17. Ng4 Bg7 18. Ne3 Red8 19. h4 Rac8 20. Kh2 Nd4 
21. Ncd5 Bxd5 22. exd5 Qe7 23. c3 Nf5 24. Nxf5 gxf5 25. Bh3 Qf6 26. Qf3 Kh8 
27. Bxf5 Bh6 28. Kg2 Rc5 29. Rad1 Rg8 30. Re4 Bf4 31. Qh5 Rg7 32. Kh3 Bg5 
33. Qf3 Bh6 34. Rd3 Bc1 35. b3 Rc7 36. Qh5 Qh6 37. Qd1 Qf6 38. Bg4 h5 
39. Qxc1 hxg4+ 40. Kg2 Qg6 41. Ree3 f5 42. Rd1 Rcf7 43. Qc2 Qf6 44. Qd2 Rf8 
45. Ree1 Kg8 46. c4 f4 47. Rf1 Rh7 48. Qd3 f3+ 49. Kg1 Kg7 50. Qe4 Rxh4 
51. gxh4 Qxh4 52. Rd4 Rf4 
0-1

[Event "34th Chess Olympiad (women)"]
[Site "Istanbul"]
[Date "2000.11.01"]
[Round "5.6.2"]
[White "Radziewicz, Iweta"]
[Black "Lagvilava, Genrieta"]
[WhiteElo "2379"]
[BlackElo "2318"]
[WhiteCountry "POL"]
[BlackCountry "BLR"]
[Result "1-0"]

1. d4 f5 2. Bg5 Nf6 3. Bxf6 exf6 4. e3 d5 5. c4 Be6 6. cxd5 Bxd5 7. Nc3 Bb4 
8. a3 Bxc3+ 9. bxc3 O-O 10. c4 Be6 11. Bd3 c6 12. Qd2 Nd7 13. Ne2 g6 14. h4 Bf7 
15. h5 c5 16. hxg6 hxg6 17. Rb1 Rb8 18. Ng3 Kg7 19. Bxf5 Nb6 20. Bd3 Nxc4 
21. Bxc4 Bxc4 22. dxc5 Qxd2+ 23. Kxd2 Rfc8 24. Ne4 Bd5 25. Rb4 f5 26. Ng5 Kf6 
27. f4 Rh8 28. Rxh8 Rxh8 29. Rd4 Bxg2 30. Rd7 
1-0

[Event "34th Chess Olympiad (women)"]
[Site "Istanbul"]
[Date "2000.11.01"]
[Round "5.6.3"]
[White "Popova, Natalija"]
[Black "Dworakowska, Joanna"]
[WhiteElo "2297"]
[BlackElo "2371"]
[WhiteCountry "BLR"]
[BlackCountry "POL"]
[Result "1-0"]

1. e4 c5 2. Nf3 d6 3. d4 cxd4 4. Nxd4 Nf6 5. Nc3 a6 6. Be3 e5 7. Nb3 Be6 
8. Be2 Be7 9. O-O O-O 10. a4 Nc6 11. f4 exf4 12. Rxf4 Nd7 13. Rf2 Rc8 
14. Nd4 Nxd4 15. Bxd4 Bh4 16. Rf1 Bf6 17. Bxf6 Nxf6 18. Qd4 Rc6 19. a5 Nd7 
20. Bd3 Ne5 21. Ne2 Qg5 22. Ng3 Qh4 23. Nf5 Bxf5 24. Rxf5 Rfc8 25. c3 Qh6 
26. Be2 Qe6 27. Rd1 g6 28. Rf2 Qb3 29. Bf1 Re8 30. Qd5 Qxd5 31. Rxd5 Kf8 
32. Rfd2 Ke7 33. Be2 Rd8 34. R2d4 Nd7 35. Rb4 Rc7 36. Rd2 Nf6 37. Bf3 Rdd7 
38. e5 dxe5 39. Rxd7+ Nxd7 40. Rxb7 Kd6 41. Rxc7 Kxc7 42. b4 Nf6 43. Kf2 e4 
44. Be2 Nd5 45. Bxa6 Nxc3 46. Bc4 f5 47. Ke3 Kc6 48. Kd4 Nb5+ 49. Ke3 Na3 
50. Bg8 Nc2+ 51. Kd2 Nxb4 52. Bxh7 f4 53. Bxg6 e3+ 54. Ke2 Kb5 55. h4 Nd5 
56. h5 Kxa5 57. Bf5 f3+ 58. Kxf3 e2 59. Kf2 Nf4 60. h6 Nxg2 61. Kxe2 Nf4+ 
62. Kf3 
1-0

[Event "34th Chess Olympiad (women)"]
[Site "Istanbul"]
[Date "2000.11.01"]
[Round "5.7.1"]
[White "Calzetta, Monica"]
[Black "Klinova, Masha"]
[WhiteElo "2282"]
[BlackElo "2350"]
[WhiteCountry "ESP"]
[BlackCountry "ISR"]
[Result "1/2-1/2"]

1. e4 d6 2. d4 Nf6 3. Nc3 g6 4. Be3 a6 5. Nf3 Bg7 6. Qd2 b5 7. Bd3 Bb7 
8. Bh6 O-O 9. h4 Bxh6 10. Qxh6 Ng4 11. Qd2 h5 12. Ng5 e5 13. d5 Kg7 
14. O-O-O Nd7 15. f3 Ngf6 16. g4 Qe7 17. Ne2 Rh8 18. Ng3 Nc5 19. Rdg1 Kf8 
20. Be2 c6 21. f4 cxd5 22. gxh5 exf4 23. Qxf4 Qe5 24. Rf1 Ke7 25. hxg6 fxg6 
26. Qxf6+ Qxf6 27. Rxf6 Kxf6 28. Rf1+ Ke5 29. Nf7+ Ke6 30. exd5+ Bxd5 
31. Nxh8 Rxh8 32. h5 gxh5 
1/2-1/2

[Event "34th Chess Olympiad (women)"]
[Site "Istanbul"]
[Date "2000.11.01"]
[Round "5.7.2"]
[White "Borsuk, Angela"]
[Black "Nieves, Garcia"]
[WhiteElo "2303"]
[BlackElo "2000"]
[WhiteCountry "ISR"]
[BlackCountry "ESP"]
[Result "1/2-1/2"]

1. d4 d5 2. c4 e6 3. Nf3 Nf6 4. Nc3 Be7 5. e3 O-O 6. Bd3 dxc4 7. Bxc4 c5 
8. O-O cxd4 9. exd4 a6 10. a4 Nc6 11. Re1 Nb4 12. Qe2 Bd7 13. Ne5 Be8 
14. Be3 Nbd5 15. Bg5 Nxc3 16. bxc3 Rc8 17. a5 Nd7 18. Nxd7 Bxd7 19. Bxe7 Qxe7 
20. Rab1 Qg5 21. h4 Qxa5 22. Rxb7 Qxc3 23. Bxa6 Rcd8 24. Qe5 Ba4 25. Re4 Rd5 
26. Qc7 Qxc7 27. Rxc7 Rd7 28. Rxd7 Bxd7 29. Bc4 Bc6 30. Re3 h5 31. Re5 g6 
32. Rc5 Ba8 33. d5 Bxd5 
1/2-1/2

[Event "34th Chess Olympiad (women)"]
[Site "Istanbul"]
[Date "2000.11.01"]
[Round "5.7.3"]
[White "Timon, Piote Silvia"]
[Black "Tsifanskaya, Ludmila A"]
[WhiteElo "2246"]
[BlackElo "2220"]
[WhiteCountry "ESP"]
[BlackCountry "ISR"]
[Result "1/2-1/2"]

1. d4 Nf6 2. c4 g6 3. Nc3 Bg7 4. e4 d6 5. f4 O-O 6. Nf3 c5 7. dxc5 dxc5 
8. Bd3 Nc6 9. e5 Ne8 10. O-O Nc7 11. Be3 Ne6 12. Be4 Ncd4 13. Kh1 Rb8 
14. Qe1 Nxf3 15. Bxf3 Nd4 16. Rd1 Be6 17. Bxd4 cxd4 18. b3 Qb6 19. Na4 Qc7 
20. Rxd4 b5 21. cxb5 Rxb5 22. Qe2 Rbb8 23. Rfd1 g5 24. fxg5 Qxe5 25. Qxe5 Bxe5 
26. Re4 Bd6 27. g3 Rb5 28. Nb2 Rxg5 29. Nc4 Bc5 30. Kg2 Bxc4 31. Rxc4 Bd6 
32. Rd5 Rxd5 33. Bxd5 Rd8 
1/2-1/2

[Event "34th Chess Olympiad (women)"]
[Site "Istanbul"]
[Date "2000.11.01"]
[Round "5.8.1"]
[White "Makropoulou, Marina"]
[Black "Pokorna, Regina"]
[WhiteElo "2284"]
[BlackElo "2363"]
[WhiteCountry "GRE"]
[BlackCountry "SVK"]
[Result "1-0"]

1. e4 e5 2. Nf3 Nc6 3. d4 exd4 4. Nxd4 Bc5 5. Nxc6 Qf6 6. Qd2 dxc6 7. Nc3 Be6 
8. Na4 Rd8 9. Bd3 Bd4 10. O-O a6 11. Kh1 c5 12. e5 Qxe5 13. f4 Qd6 14. f5 Bd5 
15. Nc3 Bc6 16. Qe2+ Ne7 17. Bf4 Qf6 18. Ne4 Bxe4 19. Qxe4 Bxb2 20. Rab1 Bd4 
21. Bxc7 Rd7 22. Rb6 Qg5 23. Bf4 Qh4 24. g3 Qg4 25. Rxb7 
1-0

[Event "34th Chess Olympiad (women)"]
[Site "Istanbul"]
[Date "2000.11.01"]
[Round "5.8.2"]
[White "Hagarova, Zuzana"]
[Black "Fakhiridou, Ekaterini"]
[WhiteElo "2321"]
[BlackElo "2277"]
[WhiteCountry "SVK"]
[BlackCountry "GRE"]
[Result "0-1"]

1. e4 c5 2. Nf3 Nc6 3. d4 cxd4 4. Nxd4 Qc7 5. Nc3 e6 6. f4 a6 7. Nxc6 Qxc6 
8. Bd3 b5 9. Qe2 Bb7 10. Bd2 Be7 11. a3 h5 12. O-O Nf6 13. e5 Ng4 14. Be4 Qb6+ 
15. Kh1 Rc8 16. Rac1 Bc6 17. Bxc6 Rxc6 18. Ne4 Qd4 19. Bc3 Qe3 20. Rce1 Qxe2 
21. Rxe2 f5 22. exf6ep gxf6 23. h3 d5 24. Ng5 Rxc3 25. bxc3 fxg5 26. Rxe6 Kd7 
27. Rxa6 Ne3 28. Rf3 gxf4 29. Rxf4 Nc4 30. Rf7 Re8 31. Rh7 h4 32. Kg1 Nd6 
33. a4 bxa4 34. Rxa4 Kc6 35. Ra6+ Kb5 36. Ra1 Ne4 37. Rf7 Bc5+ 38. Kh1 Kc4 
39. Rf4 Bf2 40. Ra3 
0-1

[Event "34th Chess Olympiad (women)"]
[Site "Istanbul"]
[Date "2000.11.01"]
[Round "5.8.3"]
[White "Kouvatsou, Maria"]
[Black "Chorvatova, Elena"]
[WhiteElo "2223"]
[BlackElo "2077"]
[WhiteCountry "GRE"]
[BlackCountry "SVK"]
[Result "1-0"]

1. e4 c5 2. Nf3 Nc6 3. c3 d6 4. d4 Nf6 5. Be2 e5 6. O-O Be7 7. Re1 O-O 
8. Bb5 Qb6 9. Bxc6 Qxc6 10. Bg5 Qc7 11. dxe5 dxe5 12. Bxf6 Bxf6 13. Nbd2 Be6 
14. c4 a6 15. Qc2 b5 16. Rac1 Be7 17. b3 f6 18. Nf1 Qb7 19. Ne3 Rfc8 
20. Rcd1 a5 21. Nd5 Bf8 22. Rd3 a4 23. Nd2 axb3 24. axb3 Ra3 25. cxb5 Qxb5 
26. Nc4 Ra6 27. h4 Qb7 28. Qd1 Qa7 29. Qf3 Bxd5 30. Rxd5 Ra1 31. Red1 Ra8 
32. Kh2 Rxd1 33. Qxd1 Qa2 34. Nd2 Qa5 35. Qg4 Rd8 36. Qe6+ Kh8 37. Qf7 Qa8 
38. Nc4 Rxd5 39. exd5 e4 40. g3 h6 41. Ne3 Qc8 42. Qg6 Qb7 43. Qxe4 Bd6 
44. Qe8+ Kh7 45. Qe4+ Kh8 46. Nc4 Bb8 47. Qd3 Qd7 48. d6 Ba7 49. Qe4 Bb8 
50. Qd3 Ba7 51. Qd5 Kh7 52. h5 Kh8 53. Ne3 c4 54. bxc4 Bxe3 55. fxe3 Qg4 56. d7 
1-0

[Event "34th Chess Olympiad (women)"]
[Site "Istanbul"]
[Date "2000.11.01"]
[Round "5.9.1"]
[White "Batceceg, Tuvshintogs"]
[Black "Lakos, Nikoletta"]
[WhiteElo "2237"]
[BlackElo "2327"]
[WhiteCountry "MGL"]
[BlackCountry "HUN"]
[Result "0-1"]

1. Nf3 c5 2. c4 Nc6 3. g3 g6 4. Bg2 Bg7 5. Nc3 e6 6. O-O Nge7 7. d3 O-O 
8. e4 d6 9. Be3 Nd4 10. Qd2 Nec6 11. Nh4 a6 12. f4 f5 13. exf5 gxf5 
14. Rfe1 Rb8 15. Bxd4 Nxd4 16. Ne2 b5 17. Rab1 bxc4 18. dxc4 a5 19. Nxd4 Bxd4+ 
20. Kh1 a4 21. Nf3 Bf6 22. Red1 Rb6 23. Qc2 Bd7 24. Rd3 Qc7 25. b3 axb3 
26. axb3 Rfb8 27. Qe2 h6 28. Nd2 Kh7 29. g4 Rg8 30. g5 Bd4 31. Rh3 Rg6 
32. Nf3 e5 33. Nh4 Rg8 34. Bd5 exf4 35. Bxg8+ Kxg8 36. Nf3 hxg5 37. Nxg5 Bc6+ 
38. Nf3 Be4 39. Rh5 Qb7 40. Qg2+ Bg7 41. Rf1 Rxb3 42. Rh3 Kf8 43. Qg5 Rxf3 
0-1

[Event "34th Chess Olympiad (women)"]
[Site "Istanbul"]
[Date "2000.11.01"]
[Round "5.9.2"]
[White "Grabics, Monika"]
[Black "Mongontuul, Bathuyang"]
[WhiteElo "2363"]
[BlackElo "2110"]
[WhiteCountry "HUN"]
[BlackCountry "MGL"]
[Result "1/2-1/2"]

1. e4 c5 2. Nf3 Nc6 3. d4 cxd4 4. Nxd4 g6 5. c4 Nf6 6. Nc3 Nxd4 7. Qxd4 d6 
8. Be3 Bg7 9. Be2 O-O 10. Qd2 Be6 11. O-O Qa5 12. Rab1 Rfc8 13. b3 a6 
14. Rfc1 b5 15. b4 Qd8 16. cxb5 axb5 17. Bxb5 Ra3 18. Nd5 Bxd5 19. exd5 Ne4 
20. Rxc8 Qxc8 21. Rc1 Qb8 22. Qc2 Nc3 23. Bc4 Qxb4 24. Bb3 Qb5 25. Kh1 Ra8 
26. h3 h5 27. Qd2 Ne4 28. Qc2 Nc3 29. Qd2 Ne4 30. Qc2 Nc3 
1/2-1/2

[Event "34th Chess Olympiad (women)"]
[Site "Istanbul"]
[Date "2000.11.01"]
[Round "5.9.3"]
[White "Anhchimeg, Bayanmonh"]
[Black "Gara, Anita"]
[WhiteElo "2139"]
[BlackElo "2291"]
[WhiteCountry "MGL"]
[BlackCountry "HUN"]
[Result "0-1"]

1. e4 c5 2. Nf3 d6 3. d4 cxd4 4. Nxd4 Nf6 5. Nc3 Nc6 6. Be2 e5 7. Nf3 h6 
8. O-O Be7 9. Re1 Be6 10. h3 Rc8 11. Bf1 Nb8 12. a4 a6 13. Nd5 Nbd7 14. c4 a5 
15. Nxe7 Qxe7 16. b3 Nc5 17. Nd2 O-O 18. Ba3 Nfd7 19. Nb1 Qg5 20. Re3 f5 
21. exf5 Qxf5 22. Ra2 Rf6 23. Nc3 Kh8 24. Nb5 Rcf8 25. Nxd6 Qg5 26. Ne4 Nxe4 
27. Rxe4 R8f7 28. Qc1 Rf4 29. Re3 Nf6 30. Rf3 Nh5 31. Qe3 Rxf3 32. Qxg5 hxg5 
33. gxf3 Rxf3 34. Be2 Rxh3 35. Bxh5 Rxh5 36. Re2 Bg4 37. Re3 e4 38. Kg2 Bf3+ 
39. Kg3 Rh1 40. Bd6 Kh7 41. Bc7 Kg6 42. Bxa5 Kf5 43. Re1 Rh8 
0-1

[Event "34th Chess Olympiad (women)"]
[Site "Istanbul"]
[Date "2000.11.01"]
[Round "5.10.1"]
[White "Hunt, Harriet"]
[Black "Khegai, Angela"]
[WhiteElo "2454"]
[BlackElo "2234"]
[WhiteCountry "ENG"]
[BlackCountry "UZB"]
[Result "1-0"]

1. e4 c5 2. Nf3 d6 3. d4 cxd4 4. Nxd4 Nf6 5. Nc3 a6 6. f4 e5 7. Nf3 Nbd7 
8. a4 Be7 9. Bc4 O-O 10. O-O exf4 11. Bxf4 Nc5 12. Qe2 Bg4 13. Kh1 Rc8 
14. a5 Bh5 15. Rfd1 Qe8 16. Rd4 Qc6 17. Nd5 Nxd5 18. Bxd5 Qb5 19. Qxb5 axb5 
20. Rd2 Rfd8 21. c3 Bg6 22. Re1 Ra8 23. Nd4 Ne6 24. Nxe6 fxe6 25. Bxe6+ Bf7 
26. Bxf7+ Kxf7 27. Be3 Re8 28. Bb6 Rac8 29. Rd5 b4 30. cxb4 Bf8 31. Bd4 Rc4 
32. b5 Rec8 33. a6 bxa6 34. bxa6 Ra4 35. a7 Ra8 36. g3 Ke6 37. Rd1 g6 
38. Rb5 Be7 39. Rb8 R8xa7 40. Bxa7 Rxa7 41. Kg2 Ra2 42. Kf3 Bf6 43. Rd2 Be5 
44. Ke3 h5 45. b4 Ra3+ 46. Kf2 Rb3 47. b5 g5 48. b6 h4 49. gxh4 gxh4 50. b7 Ke7 
51. Rd5 Kd7 52. Rf8 Rxb7 53. Rf7+ Kc6 54. Rxb7 Kxb7 55. Kg2 
1-0

[Event "34th Chess Olympiad (women)"]
[Site "Istanbul"]
[Date "2000.11.01"]
[Round "5.10.2"]
[White "Khamrakulova, Iroda"]
[Black "Lalic, Susan"]
[WhiteElo "2177"]
[BlackElo "2315"]
[WhiteCountry "UZB"]
[BlackCountry "ENG"]
[Result "0-1"]

1. e4 c6 2. d4 d5 3. e5 c5 4. c3 Nc6 5. Be3 Bf5 6. Bd3 Bxd3 7. Qxd3 e6 
8. Nd2 cxd4 9. Bxd4 Nge7 10. Ngf3 Nf5 11. O-O Be7 12. Nb3 O-O 13. Rfe1 Qc7 
14. Re2 Rfc8 15. Rae1 a6 16. g4 Nfxd4 17. Nfxd4 b5 18. f4 Nxd4 19. Nxd4 Qc4 
20. Qxc4 Rxc4 21. Kh1 Bc5 22. Nb3 Bb6 23. Rf1 g5 24. Nd2 Rxf4 25. Rxf4 gxf4 
26. Kg2 a5 27. Kf3 b4 28. Kxf4 bxc3 29. bxc3 Rc8 30. Nb1 Rc4+ 31. Kf3 a4 
32. h3 Ba5 33. Rc2 Kg7 34. Ke3 Re4+ 35. Kd3 Rxe5 36. Rc1 Bb6 37. Rh1 Re3+ 
38. Kd2 Rg3 39. a3 Kg6 40. Ke2 Bc5 41. Rf1 Rxh3 42. Rf4 Rh2+ 43. Kd3 e5 
0-1

[Event "34th Chess Olympiad (women)"]
[Site "Istanbul"]
[Date "2000.11.01"]
[Round "5.10.3"]
[White "Houska, Jovanka"]
[Black "Levushkina, E"]
[WhiteElo "2279"]
[BlackElo "2103"]
[WhiteCountry "ENG"]
[BlackCountry "UZB"]
[Result "1-0"]

1. e4 e5 2. Nc3 Nf6 3. Nf3 Nc6 4. g3 d5 5. exd5 Nxd5 6. Bg2 Nxc3 7. bxc3 Bd6 
8. O-O O-O 9. Rb1 Rb8 10. d4 exd4 11. cxd4 Bg4 12. h3 Bh5 13. Be3 Re8 
14. Qd2 Qd7 15. Kh2 Bg6 16. Rfe1 a5 17. Rb2 b6 18. c3 Rbd8 19. Qd1 Ne7 
20. Nh4 Nf5 21. Nxg6 Nxe3 22. fxe3 hxg6 23. e4 c5 24. Qf3 cxd4 25. cxd4 Bb4 
26. Rd1 Qd6 27. Rd3 Qf6 28. Qd1 Qd6 29. Rf2 Bc5 30. Qb3 Rd7 31. e5 Rxe5 
32. Rfd2 Re3 33. Rxe3 Bxd4 34. Red3 Qc5 35. Qd1 
1-0

[Event "34th Chess Olympiad (women)"]
[Site "Istanbul"]
[Date "2000.11.01"]
[Round "5.11.1"]
[White "Vijayalakshmi, Subbaraman"]
[Black "Voiska, Margarita"]
[WhiteElo "2378"]
[BlackElo "2330"]
[WhiteCountry "IND"]
[BlackCountry "BUL"]
[Result "1/2-1/2"]

1. c4 g6 2. g3 Bg7 3. Bg2 Nf6 4. Nc3 d6 5. d3 O-O 6. Nf3 e5 7. O-O h6 8. Rb1 a6 
9. b4 Nh5 10. Bb2 f5 11. d4 e4 12. Ne1 Nf6 13. f3 exf3 14. Bxf3 c6 15. a4 Be6 
16. d5 Bf7 17. b5 cxb5 18. axb5 Nbd7 19. Nd3 Rc8 20. bxa6 bxa6 21. Ba3 Nb6 
22. c5 Nc4 23. Bc1 dxc5 24. Nf4 Re8 25. Rb7 Re7 26. Ne6 Bxe6 27. dxe6 Nd6 
28. Rxe7 Qxe7 29. Nd5 Nxd5 30. Qxd5 Nb5 31. Rd1 Nd4 32. Qc4 Re8 33. Bd5 Kh7 
34. Bb2 Rd8 35. Ba3 Nxe6 36. Re1 Nd4 37. e3 Qe5 38. Bxc5 Qxd5 39. Qxd5 Ne2+ 
40. Rxe2 Rxd5 41. Bb6 Rb5 42. Bd4 g5 43. Rc2 Bxd4 44. exd4 Rd5 45. Rc4 Kg6 
46. Kf2 Ra5 47. Rc6+ Kg7 48. d5 Rxd5 49. Rxa6 Rd2+ 50. Kg1 h5 51. Rb6 g4 
52. Ra6 Rb2 53. Rc6 Rb3 54. Kg2 h4 55. gxh4 Rh3 56. h5 Rxh5 57. Kg3 Rh6 
58. Rxh6 Kxh6 59. h3 
1/2-1/2